| 000 | 00746nam a22002417a 4500 | ||
|---|---|---|---|
| 008 | 131116b xxu||||| |||| 00| 0 eng d | ||
| 020 | _a81-7479-058-6 | ||
| 024 | _cAvailable | ||
| 037 | _cAvaialble | ||
| 040 |
_aMBSTU LBIRARY _dMBSTU LBIRARY |
||
| 082 |
_222 _a363.7 ENV |
||
| 110 | _aK.R.G.Nair. | ||
| 245 | _aEnvironmental sustainable development: Indo- Canada perspective. | ||
| 260 |
_aNew Delhi _bKaveri Books. _c2002 |
||
| 300 |
_a23 cm. _b202 page _f1 _g23 cm. |
||
| 600 | _2Environmental problems. | ||
| 650 | _2Environmental problems. | ||
| 710 | _aK.R.G.Nair. | ||
| 270 |
_aNew Delhi _bNew Delhi _dIndia |
||
| 365 |
_b600.00 _d600.00 |
||
| 942 |
_2ddc _cBK |
||
| 999 |
_c837 _d837 |
||